000 00397nam a2200145Ia 4500
001 177
003 GE_BSU
008 181216s||||||||xx |||||||||||||| ||und||
040 _cGE_BSU
245 _aGeorgia ტურისტული რუკა
245 _bScale 1:600 000
541 _h20 ლ.
653 _aსაქართველოს ტურისტული რუკა
942 _cMP
999 _c34435
_d34435